logo

Bir Sreshtho Munshi Abdur Rouf Library
Jhenaidah Cadet College

The success principles : (Record no. 722)

MARC details
000 -LEADER
fixed length control field 01077nam a2200289 a 4500
001 - CONTROL NUMBER
JCCL Control Number 722
003 - CONTROL NUMBER IDENTIFIER
JCCL marc code BD-JhCC
005 - DATE AND TIME OF LATEST TRANSACTION
control field 20220814134022.0
008 - FIXED-LENGTH DATA ELEMENTS--GENERAL INFORMATION
fixed length control field 171009s2005 nynann | z1 1 eng d
020 ## - INTERNATIONAL STANDARD BOOK NUMBER
International Standard Book Number 9780060594893
020 ## - INTERNATIONAL STANDARD BOOK NUMBER
International Standard Book Number 006059896
035 ## - SYSTEM CONTROL NUMBER
system control number (BD-JhCC) 722
040 ## - CATALOGING SOURCE
Original cataloging agency BD-JhCC
Modifying agency BD-JhCC
041 ## - LANGUAGE CODE
Language code of Book eng
082 ## - DEWEY DECIMAL CLASSIFICATION NUMBER
DDC Edition number 23
Classification number 158
Author mark and Year CAN 2005
100 1# - MAIN ENTRY--PERSONAL NAME
Personal name Canfield, Jack,
Dates associated with a name 1944-
245 14 - TITLE STATEMENT
Title The success principles :
Remainder of title How to Get from Where You Are to Where You Want to Be /
Statement of responsibility, etc Jack Canfield with Janet Switzer.
260 ## - PUBLICATION, DISTRIBUTION, ETC. (IMPRINT)
Place of publication, distribution, etc New York :
Name of publisher, distributor, etc Harper Collins,
Date of publication, distribution, etc c2005.
300 ## - PHYSICAL DESCRIPTION
Pagination xxxiii, 473 pages :
Other physical details ill ;
Dimensions 23 cm.
500 ## - GENERAL NOTE
General note Includes Index
520 ## - SUMMARY, ETC.
Summary, etc A self-improvement guide for business professionals, teachers, students, parents, or anyone interested in promoting themselves within today's success-oriented culture shares sixty-four principles on how to reach desired goals.
650 #0 - SUBJECT ADDED ENTRY--TOPICAL TERM
Topical term or geographic name as entry element Success
General subdivision Psychological aspects
650 #0 - SUBJECT ADDED ENTRY--TOPICAL TERM
Topical term or geographic name as entry element Self-actualization (Psychology)
700 1# - ADDED ENTRY--PERSONAL NAME
Personal name Switzer, Janet,
Dates associated with a name 1953-
942 ## - ADDED ENTRY ELEMENTS (KOHA)
Source of classification or shelving scheme Dewey Decimal Classification
Koha item type Books
Koha issues (borrowed), all copies 15
Holdings
Source of classification or shelving scheme Damaged status Not for loan Home library Current library Shelving location Date of accession Cost, normal purchase price Full call number Barcode Date last seen Copy number Method of acquisition Koha item type Currency Total Checkouts Date checked out
Dewey Decimal Classification     JCC Rouf Library JCC Rouf Library General Stacks 10/09/2017 1475.00 158 CAN 2005 1579 10/09/2017 C-1 Purchase Books      
Dewey Decimal Classification     JCC Rouf Library JCC Rouf Library General Stacks 10/23/2017 1475.00 158 CAN 2005 3066 05/28/2024 C-2   Books   3 05/26/2024
Dewey Decimal Classification     JCC Rouf Library JCC Rouf Library General Stacks 10/25/2017   158 CAN 2005 2771 11/14/2022 C-3   Books   3 08/14/2022
Dewey Decimal Classification     JCC Rouf Library JCC Rouf Library General Stacks 10/25/2017   158 CAN 2005 3360 12/18/2019 C-4   Books   1 11/14/2019
Dewey Decimal Classification     JCC Rouf Library JCC Rouf Library General Stacks 12/31/2017   158 CAN 2005 8445 11/06/2024 C-5   Books   2 10/26/2024
Dewey Decimal Classification     JCC Rouf Library JCC Rouf Library General Stacks 03/07/2018   158 CAN 2005 12028 03/19/2020 C-6   Books   1 02/11/2020
Dewey Decimal Classification     JCC Rouf Library JCC Rouf Library General Stacks 04/28/2019   158 CAN 2008 14731 04/20/2020 C-7   Books   5 04/08/2020

JCC Library | Contacts | JCC Home

Last Update on 23 September 2017
Copyright @ 2017-2020 JCC Rouf Library
Rouf Library, Jhenidah Cadet College (JCC), Bangladesh